Biblioteca

Divorcio y nuevo casamiento. Perpectiva bíblica (Registro nro. 60231)

Detalles MARC
000 -LÍDER
Campo fijo de descripción fija 008660000a22001210004500
100 1# - ASIENTO PRINCIPAL--NOMBRE PERSONAL
Nombre personal Rosasco, Hugo Eduardo
245 10 - TÍTULO
Título del Material Divorcio y nuevo casamiento. Perpectiva bíblica
300 ## - DESCRIPCIÓN FÍSICA
Extensión Vol.6, núm.18 (2005), Páginas 282-286
500 ## - NOTA GENERAL
Nota General Material de discipulado para líderes de la Comunidad Cristiana "Manantial de Vida" - Extraído y ampliado de una predicación del pastor Rogelio Nonini. Pastor Hugo Eduardo Rosasco Comunidad Cristiana "Manantial de Vida" Berazategui -Bs. As. - Argentina.
773 0# - HOST ITEM ENTRY
Title Conquista Cristiana
942 ## - TIPO DE MATERIAL (KOHA)
Tipo de Item KOHA Artículos de Revista
Existencias
Estado de Material Estado de Perdido Estado de Dañado No para Préstamo Colección Biblioteca de Origen Biblioteca Permanente Fecha de Adquisición Total de Préstamos Signatura Topográfica Última vez visto Fecha de Remplazo Tipo de Material
        Colección de Hemeroteca Biblioteca FUSBC Biblioteca FUSBC 26/01/2016   26/01/2016 26/01/2016 Artículos de Revista

Biblioteca FUSBC | Teléfono: (57+4) 349 88 10 Ext. 141| WhatsApp (+57) 3005338115 
E-mail: biblioteca@unisbc.edu.co | Calle 76 87-14 Robledo Palenque, Medellín, Colombia

Con tecnología Koha